Guess the Mystery Categories #2 - Statistics

General Stats
  • This quiz has been taken 37,994 times
    37,958 since last reset
  • The average score is 29 of 50
Answer Stats
Hint Answer % Correct
Chemical symbol Au Gold
87%
Elizabeth I, Victoria, Margrethe, etc... Queen
86%
2nd prize medal Silver
86%
Company that makes Macbooks Apple
83%
Bands, armies, and penguins do it March
82%
Category Fruits
81%
A parent's father Grandfather
81%
Genuine, not fake Real
80%
Colour associated with the Netherlands Orange
79%
Alerts one to a fire or burglar Alarm
78%
A winged denizen of heaven Angel
78%
The A in A-bomb Atomic
78%
Slang for a native of New Zealand Kiwi
77%
Mr. Hamil or Zuckerberg Mark
77%
Category Metals
70%
Fancy floor or countertop material Marble
66%
Category Clocks
65%
Might, could, can May
65%
High-ranking priest Bishop
64%
Category Months
64%
Ms. Lockhart, Cleaver, or Cash June
63%
Category Chess Pieces
60%
Category Colours
60%
Imposing, majestic, dignified August
59%
Slang for police officer Copper
59%
French for "sugar" Sucre
59%
Wrinkle-removing tool Iron
56%
Something held as a pledge against the payment of a loan Pawn
56%
A bird that lays eggs in the nests of other birds Cuckoo
55%
Something a shoeshiner uses Polish
55%
Inexperienced, naive Green
54%
Roman messenger god Mercury
54%
A bird in the family Corvidae Rook
54%
Yellow-brown folder Manila
51%
To split the bill at a restaurant "Go _____" Dutch
50%
Category Capital Cities
49%
To strand on a desert island Maroon
49%
A Rhode Island university Brown
48%
Slang for a defective car Lemon
45%
Category Currencies
43%
Category Cakes
39%
Found on the seabed, or in a kitchen sink Sponge
39%
A type of rubber boot Wellington
38%
To hit, or a type of cake Pound
36%
Breaded chicken garlic dish Kiev
34%
A type of flat sea urchin that lives in sand Dollar
33%
Category Nationalities
33%
A stratum or level Layer
31%
To cut vegetables into thin strips French
24%
Small blanket made of knitted wool Afghan
18%
No matching quizzes found
Score Distribution
Percent of People with Each Score
Percentile by Number Answered
Your Score History
You have not taken this quiz since the last reset